01421nam a2200385Ia 4500001001200000003000800012006001900020007001500039008004100054010001700095020001500112020001500127020001800142020001800160020001800178040002100196035002100217050002400238082001800262100002700280245013400307260006100441300001400502490003600516504005100552533015200603650001600755650001500771655002900786700002100815710001700836830003700853856012600890999001901016ebr10523600CaPaEBRm u cr cn|||||||||091119s2010 nju sb 001 0 eng d z 2009048295 z0813548039 z0813548047 z9780813548036 z9780813548043 z9780813549934 aCaPaEBRcCaPaEBR a(OCoLC)77200055214aHV5801b.P27 2010eb04a362.290892221 aPage, J. Bryan,d1947-10aComprehending drug useh[electronic resource] :bethnographic research at the social margins /cJ. Bryan Page and Merrill Singer. aNew Brunswick, N.J. :bRutgers University Press,cc2010. ax, 225 p.1 aStudies in medical anthropology aIncludes bibliographical references and index. aElectronic reproduction.bPalo Alto, Calif. :cebrary,d2013.nAvailable via World Wide Web.nAccess may be limited to ebrary affiliated libraries. 0aDrug abuse. 0aEthnology. 7aElectronic books.2local1 aSinger, Merrill.2 aebrary, Inc. 0aStudies in medical anthropology.40uhttp://site.ebrary.com/lib/rucke/Doc?id=10523600zAn electronic book accessible through the World Wide Web; click to view c142854d142854